[Event "Bratislava Slovan op"]
[Site "Bratislava"]
[Date "2014.05.02"]
[Round "8"]
[White "Blizman, Marian"]
[Black "Jancura, Andrej"]
[Result "1/2-1/2"]
[WhiteElo "1579"]
[BlackElo "1881"]
[PlyCount "125"]
[EventDate "2014.04.26"]
[EventType "swiss"]
[EventRounds "9"]
[EventCountry "SVK"]
[SourceTitle "CBM 160 Extra"]
[Source "ChessBase"]
[SourceDate "2014.07.01"]
[SourceVersion "1"]
[SourceVersionDate "2014.07.01"]
[SourceQuality "1"]

1. e4 d5 2. exd5 Qxd5 3. Nc3 Qd6 4. Nf3 Nf6 5. d3 c6 6. Be2 Bg4 7. h3 Bxf3 8. Bxf3 e6 9. 0-0 Be7 10. Re1 Nbd7 11. Be3 0-0 12. Ne4 Qc7 13. c3 Rad8 14. Nxf6+ Bxf6 15. Qc2 c5 16. Rad1 b6 17. Rd2 Ne5 18. Be2 Ng6 19. Red1 Rd7 20. Qc1 Rfd8 21. Rc2 e5 22. Bg5 Bxg5 23. Qxg5 Nf4 24. Qf5 f6 25. g3 Nxe2+ 26. Rxe2 Qc6 27. Re3 g6 28. Qf3 Qxf3 29. Rxf3 Kg7 30. Re3 Kf7 31. c4 Rd4 32. b3 a6 33. Kf1 e4 34. Ke2 f5 35. f3 exf3+ 36. Rxf3 Kf6 37. Rf4 g5 38. Rxd4 Rxd4 39. Rf1 h5 40. Ke3 Kg6 41. b4 h4 42. bxc5 bxc5 43. gxh4 Rxh4 44. Rf3 Rd4 45. Rf1 Rh4 46. Rf3 Rh7 47. d4 f4+ 48. Ke4 Re7+ 49. Kd3 Rd7 50. d5 Kf5 51. Rf1 Re7 52. Rf3 Re4 53. Kc3 g4 54. hxg4+ Kxg4 55. Rd3 Re7 56. d6 Rd7 57. Kd2 Kf5 58. Ke2 Ke4 59. Rd1 f3+ 60. Kf2 Kf4 61. Rd3 Ke4 62. Rd1 Kf4 63. Rd3 1/2-1/2

[Event "Bratislava Slovan op"]
[Site "Bratislava"]
[Date "2014.04.30"]
[Round "6"]
[White "Blizman, Marian"]
[Black "Dinzik, Jan"]
[Result "1-0"]
[WhiteElo "1579"]
[BlackElo "1548"]
[PlyCount "65"]
[EventDate "2014.04.26"]
[EventType "swiss"]
[EventRounds "9"]
[EventCountry "SVK"]
[SourceTitle "CBM 160 Extra"]
[Source "ChessBase"]
[SourceDate "2014.07.01"]
[SourceVersion "1"]
[SourceVersionDate "2014.07.01"]
[SourceQuality "1"]

1. e4 c5 2. Nf3 Nc6 3. d4 cxd4 4. Nxd4 e6 5. Nc3 a6 6. Be2 b5 7. a3 Bb7 8. 0-0 Qc7 9. Nf3 Bd6 10. Re1 Ne5 11. h3 h6 12. Be3 g5 13. Bd4 Nxf3+ 14. Bxf3 e5 15. Be3 Ne7 16. Qd2 f5 17. Rad1 f4 18. Qxd6 Qxd6 19. Rxd6 fxe3 20. Rxe3 Bc6 21. Nd5 h5 22. Nc7+ Kf7 23. Nxa8 Rxa8 24. Bxh5+ Kg7 25. Rg3 Rh8 26. Rxg5+ Kh7 27. Rxe5 Ng8 28. Bg4 Kg7 29. Bxd7 Bxd7 30. Rxd7+ Kf6 31. f4 Nh6 32. Rd6+ Kg7 33. Rxa6 1-0

[Event "Bratislava Doprastav op"]
[Site "Bratislava"]
[Date "2013.07.03"]
[Round "7"]
[White "Blizman, Marian"]
[Black "Vrbiar, Tomas"]
[Result "0-1"]
[WhiteElo "1576"]
[BlackElo "1707"]
[PlyCount "60"]
[EventDate "2013.06.28"]
[EventType "swiss"]
[EventRounds "9"]
[EventCountry "SVK"]
[SourceTitle "EXT 2015"]
[Source "ChessBase"]
[SourceDate "2014.11.20"]
[SourceVersion "1"]
[SourceVersionDate "2014.11.20"]
[SourceQuality "1"]

1. e4 c6 2. d4 d5 3. Nc3 dxe4 4. Nxe4 Bf5 5. Ng3 Bg6 6. Nf3 Nd7 7. Bd3 Bxd3 8. Qxd3 e6 9. 0-0 Bd6 10. Ne4 Nb6 11. Nxd6+ Qxd6 12. c4 Qc7 13. Bd2 Nf6 14. Ba5 Qe7 15. Rfe1 0-0 16. a3 Rfe8 17. Bb4 Qd7 18. Ne5 Qc8 19. Rac1 Nbd7 20. Bd6 Nxe5 21. Bxe5 Qd8 22. Re3 Ng4 23. Rh3 g6 24. Bg3 c5 25. Rh4 Ne5 26. Bxe5 Qxh4 27. Re1 Qg4 28. g3 Qf5 29. Qd2 f6 30. Bf4 Rad8 0-1

[Event "Bratislava Slovan op"]
[Site "Bratislava"]
[Date "2013.05.03"]
[Round "8"]
[White "Blizman, Marian"]
[Black "Illovsky, Michal"]
[Result "1/2-1/2"]
[WhiteElo "1592"]
[BlackElo "1658"]
[PlyCount "29"]
[EventDate "2013.04.27"]
[EventType "swiss"]
[EventRounds "9"]
[EventCountry "SVK"]
[SourceTitle "EXT 2023"]
[Source "ChessBase"]
[SourceDate "2022.10.05"]
[SourceVersion "1"]
[SourceVersionDate "2022.10.05"]
[SourceQuality "1"]

1. e4 c5 2. Nf3 Nc6 3. d4 cxd4 4. Nxd4 Nf6 5. Nc3 e5 6. Ndb5 d6 7. Bg5 a6 8. Bxf6 gxf6 9. Na3 b5 10. Nd5 Bg7 11. c3 Ne7 12. Nc2 f5 13. Nxe7 Qxe7 14. exf5 Bxf5 15. Qf3 1/2-1/2

[Event "Tatry op"]
[Site "Tatranske Zruby"]
[Date "2012.09.25"]
[Round "3"]
[White "Jukl, Karel"]
[Black "Blizman, Marian"]
[Result "1-0"]
[WhiteElo "1754"]
[BlackElo "1572"]
[PlyCount "37"]
[EventDate "2012.09.23"]
[EventType "swiss"]
[EventRounds "9"]
[EventCountry "SVK"]
[SourceTitle "EXT 2023"]
[Source "ChessBase"]
[SourceDate "2022.10.05"]
[SourceVersion "1"]
[SourceVersionDate "2022.10.05"]
[SourceQuality "1"]

1. d4 e6 2. Bf4 Nf6 3. e3 c5 4. c3 d5 5. Nd2 c4 6. Ngf3 h6 7. b3 b5 8. a4 Bd7 9. Ne5 Be7 10. axb5 cxb3 11. Qxb3 Nh5 12. Bd3 Nxf4 13. exf4 Bd6 14. Ndf3 0-0 15. f5 Be8 16. 0-0 Qb6 17. Rfb1 Qd8 18. Ra2 Nd7 19. Nc6 1-0

[Event "Tatry op"]
[Site "Tatranske Zruby"]
[Date "2012.09.24"]
[Round "2"]
[White "Blizman, Marian"]
[Black "Marko, Jan"]
[Result "1/2-1/2"]
[WhiteElo "1572"]
[BlackElo "1761"]
[PlyCount "37"]
[EventDate "2012.09.23"]
[EventType "swiss"]
[EventRounds "9"]
[EventCountry "SVK"]
[SourceTitle "EXT 2023"]
[Source "ChessBase"]
[SourceDate "2022.10.05"]
[SourceVersion "1"]
[SourceVersionDate "2022.10.05"]
[SourceQuality "1"]

1. e4 c5 2. Nf3 Nc6 3. d4 cxd4 4. Nxd4 d6 5. Bb5 Bd7 6. Nxc6 bxc6 7. Bd3 Nf6 8. Nc3 e6 9. 0-0 Be7 10. Re1 Qc7 11. b3 h6 12. h3 0-0 13. Bb2 e5 14. Ne2 Nh5 15. Nd4 Nf4 16. Ne2 Nxe2+ 17. Qxe2 Kh8 18. Bc1 f5 19. exf5 1/2-1/2